| 000 | 00924nam a2200217 i 4500 | ||
|---|---|---|---|
| 001 | 168939 | ||
| 003 | ES-MaACL | ||
| 005 | 20250730081743.0 | ||
| 008 | 080626s1966 sp |||| | spa d | ||
| 080 | _a929 Casas, Bartolomé de las | ||
| 100 | 1 |
_aPérez de Tudela y Bueso, Juan, _d1922-2004 _990810 |
|
| 245 | 1 | 3 |
_aEl P. Las Casas desde nuestra época / _cJuan Pérez de Tudela Bueso. |
| 260 |
_aSantander : _bUniversidad Internacional Menéndez Pelayo, _c1966. |
||
| 300 |
_a37 p. ; _c19 cm. |
||
| 490 | 1 |
_aPublicaciones de la Universidad Internacional Menéndez Pelayo ; _v26 |
|
| 600 | 1 | 7 |
_aCasas, Bartolomé de las, _d1474-1566 _2embne _9140251 |
| 710 | 2 |
_aUniversidad Internacional Menéndez Pelayo. _97384 |
|
| 830 | 0 |
_aPublicaciones de la Universidad Internacional Menéndez Pelayo ; _v26 _9188831 |
|
| 852 |
_aES-MaACL _j2241-F-6 _z. - Biblioteca Jacinto Martínez Lacalle |
||
| 999 |
_c168939 _d168939 |
||